000 00291nam a22001337a 4500
020 _a978-81-264-5233
082 _a894.812.3
_bLIB/B
100 _aBALAKRISHNAN C V
245 _aLIBRARIAN
260 _aKOTTAYAM
_bDC BOOKS
300 _a109
650 _aMALAYALAM NOVEL
_zKERALA
942 _cBK
999 _c7189
_d7189